| 000 | 01009nam a2200217Ia 4500 | ||
|---|---|---|---|
| 003 | Ost | ||
| 005 | 20260507075041.0 | ||
| 008 | 260507s9999||||xx |||||||||||||| ||und|| | ||
| 040 | _cfsecg | ||
| 041 | _aara | ||
| 082 | _a330 | ||
| 100 |
_aعلي حسن، سوزان _eمؤلف |
||
| 245 | 0 |
_aالوجيز في مبادئ القانون : _bالنظرية العامة للقانون-النظرية العامة للحق-النظرية العامة للإلتزام-أساسيات القانون التجاري / _c سوزان علي حسن |
|
| 260 |
_aالاسكندرية: _bدار الجامعة الجديدة للنشر, _c2001 |
||
| 300 |
_a551 صفحة؛ _c24 سم |
||
| 490 | _aالمكتبة القانونية | ||
| 520 | _aالنظرية العامة للقانون،النظرية العامة للحق،النظرية العامة للإلتزامات،مبادئ القانون التجاري | ||
| 653 | _aالقانون | ||
| 653 | _aالقانون التجاري | ||
| 942 | _cكتاب | ||
| 999 |
_c42508 _d42508 |
||